Education and culture in North-East India (1826-2000) (Record no. 837)

MARC details
000 -LEADER
fixed length control field 01021 a2200241 4500
008 - FIXED-LENGTH DATA ELEMENTS--GENERAL INFORMATION
fixed length control field 080821t xxu||||| |||| 00| 0 eng d
010 ## - LIBRARY OF CONGRESS CONTROL NUMBER
LC control number ENG-84987
020 ## - INTERNATIONAL STANDARD BOOK NUMBER
International Standard Book Number 8179860639
Terms of availability 350.00
035 ## - SYSTEM CONTROL NUMBER
System control number EN-68520
037 ## - SOURCE OF ACQUISITION
Source of stock number/acquisition D.B.Act / Pub
082 ## - DEWEY DECIMAL CLASSIFICATION NUMBER
Classification number 370.192541
100 ## - MAIN ENTRY--PERSONAL NAME
Personal name Barua, Lalit Kumar,
245 ## - TITLE STATEMENT
Title Education and culture in North-East India (1826-2000)
Statement of responsibility, etc Lalit Kumar Barua.
260 ## - PUBLICATION, DISTRIBUTION, ETC. (IMPRINT)
Place of publication, distribution, etc Shimla :
Name of publisher, distributor, etc Indian Institute of Advanced Study,
Date of publication, distribution, etc 2006.
300 ## - PHYSICAL DESCRIPTION
Extent xiii, 262 p. ;
Dimensions 23 cm. (Hb)
500 ## - GENERAL NOTE
General note Includes bibliographical references and index
650 ## - SUBJECT ADDED ENTRY--TOPICAL TERM
Topical term or geographic name as entry element Education
Geographic subdivision India, Northeastern.
651 ## - SUBJECT ADDED ENTRY--GEOGRAPHIC NAME
Geographic name India, Northeastern
General subdivision Civilization.
651 ## - SUBJECT ADDED ENTRY--GEOGRAPHIC NAME
Geographic name India, Northeastern
General subdivision Scheduled tribes
-- Education.
651 ## - SUBJECT ADDED ENTRY--GEOGRAPHIC NAME
Geographic name India
General subdivision History
Chronological subdivision British occupation, 1765-1947
942 ## - ADDED ENTRY ELEMENTS (KOHA)
Institution code [OBSOLETE] dpl
Koha item type English Books
Call number prefix 370.192541 / BAR
Source of classification or shelving scheme Dewey Decimal Classification
Classification part 370.192541
Call number suffix BAR
Holdings
Withdrawn status Lost status Damaged status Not for loan Home library Current library Date acquired Cost, normal purchase price Total Checkouts Full call number Barcode Date last seen Copy number Uniform Resource Identifier Cost, replacement price Price effective from Koha item type
        D.B.Act.Division D.B.Act.Division 21/08/2008 350.00   370.192541 BAR EN-68520 15/09/2008 1 833 350.00 15/09/2008 English Books

© Delhi Public Library
Hit Counter
free hit counter